| 000 | 02309nam a2200229 a 4500 | ||
|---|---|---|---|
| 001 | 000026289 | ||
| 003 | DO-SdBNP | ||
| 005 | 20230308115615.0 | ||
| 007 | ta | ||
| 008 | 110309s2005 dr 000 0 spa d | ||
| 040 |
_aDO-SdBNP _bspa _cBNPHU |
||
| 049 | _aBNPD | ||
| 245 | 0 | 0 |
_aCompendio de los principales documentos jurídicos internacionales que garantizan los derechos fundamentales de las personas / _cprólogo Manuel de Jesús Pérez Sánchez. |
| 260 |
_aSanto Domingo : _bUnión Europea, _c2005. |
||
| 300 |
_a211 p. ; _c24 cm. |
||
| 505 |
_aPresentación-- _tPrólogo -- _tConjunto de principios para la protección de todas las personas sometidas a cualquier forma de detención o prisión -- _tConvención contra la tortura y otros tratos o penas crueles, inhumanos o degradantes -- _tDeclaración del Milenio -- _tDeclaración sobre el derecho y el deber de los individuos, los grupos y las instituciones de promover y proteger los derechos humanos y las libertades fundamentales universalmente reconocidos -- _tDeclaración sobre la protección de todas las personas contra la tortura y otros tratos o penas crueles, inhumanos o degradantes -- _tDeclaración Universal de Derecho Humanos -- _tConferencia mundial de derechos humanos, Viena, 14 a 25 de junio de 1993 Declaración y programas de acción de Viena -- _tPacto internacional de derechos civiles y políticos -- _tPacto internacional de derechos económicos, sociales y culturales -- _tPrincipios básicos para el tratamiento de los reclusos -- _tProtocolo adicional a la convención americana sobre derechos humanos en materia de derechos económicos, sociales y culturales Protocolo de San Salvador -- _tProtocolo facultativo del pacto internacional de derechos civiles y políticos -- _tReglas mínimas para el tratamiento de los reclusos -- _tSegundo protocolo facultativo del pacto internacional de derechos civiles y políticos, destinado a abolir la pena de muerte -- _tDeclaración sobre los principios fundamentales de justicia para las víctimas de delito y del abuso de poder. |
||
| 590 | _aInventariado, 2021 /LP | ||
| 700 | 1 |
_aPérez Sánchez, Manuel de Jesús, _epról. _914312 |
|
| 710 | 1 |
_aRepública Dominicana. _bComisionado de Apoyo a la Reforma y Modernización de la Justicia _917179 |
|
| 910 | _aLopérez | ||
| 942 |
_2ddc _cLBS1 |
||
| 999 |
_c25781 _d25781 |
||